• 首页
  • 本馆介绍
  • 公告通知
  • 最新文献
  • 馆藏检索
  • 电子资源
  • 读者导购
  • 参考咨询
  • 我的图书馆
  • 登录
  • 详细信息显示
  • 放入我的书架
  • 预约/预借图书
  • 作者相关作品
  • 分类相关作品
  • 丛书相关作品
  • 出版社相关作品

书目信息

  • 表格格式
  • 工作单格式
  • 卡片格式
题名:
第五次变革
    
 
作者: 王冲 著
分册:  
出版信息: 北京   东方出版社  2015.02
页数: 228页
开本: 22cm
丛书名:
单 册:
中图分类: G219.19
科图分类:
主题词: 传播媒介--历史--世界
电子资源:
ISBN: 978-7-5060-7825-2
000 00873nam0 2200253 450
001 012015049759
005 20160704090354.24
010    @a978-7-5060-7825-2@b精装@dCNY45.00
100    @a20150429d2015 em y0chiy50 ea
101 0  @achi
102    @aCN@b110000
105    @aaf z 000yy
106    @ar
200 1  @a第五次变革@9di wu ci bian ge@e第四权力的中美较量@f王冲著
210    @a北京@c东方出版社@d2015.02
215    @a228页@c图,照片@d22cm
330    @a本书记录的是20世纪30年代以来中美利用谋体进行交锋的刀光剑影。内容包括:中美媒体交锋的四次变革、新媒体带来“第五次变革”、新媒体,新外交等。
333    @a传播学研究者
517 1  @a第四权力的中美较量@9di si quan li de zhong mei jiao liang
606 0  @a传播媒介@x历史@y世界
690    @aG219.19@v5
701  0 @a王冲@9wang chong@4著
801  0 @aCN@b人天书店@c20150429
905    @b880138-43@dG219.19@e636@f6
    
    第五次变革:第四权力的中美较量/王冲著.-北京:东方出版社,2015.02
    228页:图,照片;22cm
    使用对象:传播学研究者
    
    ISBN 978-7-5060-7825-2(精装):CNY45.00
    本书记录的是20世纪30年代以来中美利用谋体进行交锋的刀光剑影。内容包括:中美媒体交锋的四次变革、新媒体带来“第五次变革”、新媒体,新外交等。
●
相关链接 在E读中查询图书 在五车中查询图书 在当当中查询图书 在豆瓣中查询图书


正题名:第五次变革     索取号:G219.19/636         预约/预借

序号 登录号 条形码 馆藏地/架位号 状态 备注
1 880138   208801386   第一样本阅览室/ [索取号:G219.19/636] 在馆    
2 880139   208801395   教育系资料室/ [索取号:G219.19/636] 在馆    
3 880140   208801402   教育系资料室/ [索取号:G219.19/636] 在馆    
4 880141   208801411   教育系资料室/ [索取号:G219.19/636] 在馆    
5 880142   208801420   第四借阅区/ [索取号:G219.19/636] 在馆    
6 880143   208801439   第四借阅区/ [索取号:G219.19/636] 在馆    
唐山师范学院图书馆 欢迎您!
大连网信软件有限公司© 版权所有